000 01311nam a22003137a 4500
999 _c64203
_d64203
005 20240530110719.0
008 180321s2016 ua ah g b 000 0dara d
017 _a2012/14794
_bمصر. دار الكتب
020 _a9789777180245
040 _aEG-CaGPL
_cEG-CaGPL
082 0 4 _221
_a305.4 /
_bك ص
245 0 0 _aصورة المرأة فى العصور القديمة /
_cتحرير افريل كاميرون، اميلى كوهرت ؛ ترجمة امل رواش
250 _aط.1
260 _aالقاهرة :
_bالمركز القومى للترجمة ،
_c2016.
300 _a595 ص. :
_bايض ؛
_c24 سم.
490 0 _aالمركز القومى للترجمة ؛
_v2167.
504 _aيشتمل على ارجاعات ببليوجرافية
650 0 7 _2qrmak
_aالمرأة
_xاحوال اجتماعية
650 0 7 _aالمرأة السورية
_xالمسيحية
650 0 7 _aالمرأة اليهودية
650 0 7 _aالمرأة اليونانية
650 0 7 _2qrmak
_aالمرأة
_xتاريخ
_yالعصور القديمة
651 _2qrmak
700 1 _a كاميرون، افريل
_eمحرر
700 1 _aكوهرت، اميلى
_eمحرر مشارك
700 0 _aامل رواش
_eمترجم
942 _2ddc
_cBK